Où se situe la ville de ... #1 Pays du Nord de L'Europe - Statistiques

Statistiques générales
  • Ce quiz a été pris 31 fois
    8 depuis la dernière actualisation
  • Le résultat moyen est 7 sur 10
Statistiques - réponses
Question Réponse % Correct
Quel pays fait partie des Pays Baltes ? Estonie
100%
Où se situe la ville de Helsinki ? Finlande
100%
Où se situe la ville de Bergen ? Norvège
100%
Où se situe la ville de Göteborg ? Suède
100%
Où se situe la ville de Odense ? Danemark
67%
Quel pays possède un drapeau rouge et blanc ? Danemark
67%
Quel est le pays le plus petit ? (Avec seulement leurs territoires sur le continent européen) Danemark
67%
Où se situe la ville de Mourmansk ? Russie
67%
Où se situe la ville de Bodo ? Norvège
33%
Quel pays à été le plus souvent la réponse aux questions précédentes ? Danemark
0%
Aucun quiz correspondant
Distribution des résultats
% des personnes avec chaque résultat
Percentile par nombre de réponses
Votre historique - résultats
Vous n’avez pas pris ce quiz depuis la dernière actualisation